00996nam0a22002411 4500001001100000005001700011021001900028035002600047100004100073101000800114102000700122105001800129200023900147210004300386215004000429320004700469606009400516606005100610702003400661801001800695801002200713852001900735rc\461900720250612132938.0 aRUb[60-69012] a(NLR Aleph) 008673809 a20130416d1960 |||y0rusy50 ca0 arus aRU aa z |||||1 aСборник работ по некоторым вопросам дозиметрии и радиометрии ионизирующих излученийfПод ред. канд. техн. наук Сивинцева Ю.В. [1] aМоскваcАтомиздатd1960 a189 с., 9 л. черт.cил.d24 aБиблиогр. в конце работ aИонизирующие излученияxДозиметрияjСборники2psbo aРадиометрияjСборники2psbo 1aСивинцевbЮ.В.4340 0aRUbNLRgpsbo 1aRUbELAR2rusmarc aNLRj60-7/2069